000 00701nam a2200193Ii 4500
003 JO-AjNU
008 230605s9999||||xx |||||||||||||| ||und||
040 _aJO-AjNU
_bara
_erda
_cJO-AjNU
041 _aara
050 1 4 _aPN1992.6.A424 1900
100 3 _aآل زعير،سعيد بن مبارك,
_eauthor
_918543
245 0 0 _aالتلفزيون والتغيير الإجتماعي في الدول النامية
264 3 1 _aجدة: دار الشروق، 1900
300 _a298ص
336 _atext
_btxt
_2rdacontent
337 _aunmediated
_bn
_2rdamedia
338 _avolume
_bnc
_2rdacarrier
650 4 _aالتلفزيون - التغيير الإجتماعي - الدول النامية
_918544
999 _aA5950
_c9518
_d9518